000 00686nam a22002177a 4500
999 _c22377
_d22377
003 AR-CdUCM
008 190305b ||||| |||| 00| 0 spa d
020 _a9786124502286
040 _aMUNICIPALIDAD PROVINCIAL DEL CUSCO
_cBIBLIOTECA MUNICIPAL DEL CUSCO
082 _a869.56/R52C2
_bR52C2
_2tercera
100 _aRibeyro, Julio Ramón
_9546
245 _aCambio de guardia /
_cJulio Ramón Ribeyro
260 _aLima :
_bRevuelta editores,
_c2017.
300 _a331 páginas. :
_c21 cm.
505 _aNovela
650 _aLiteratura contemporánea
_9759
650 _aNovelas peruanas
_9545
650 _aNovelas históricas peruanas
_947971
942 _2ddc
_cLIBROS
945 _arac